000 00640nam a22002417a 4500
003 UA-OsUOA
001 22519
007 ta
008 20031222b un ||||| |||| 00| 0 ukr d
090 _a17
_bЭ90
942 _cBK
040 _aUA-OsUOA
_brus
_cUA-OsUOA
_dUA-OsUOA
245 _aЭтическая мысль
_bНаучно-публицистические чтения
_cА.А.Гусейнов
300 _a384 с.
_bІлюстрації
955 _a0
041 _arus
080 _a17
020 _a5-250-00061-4
260 _aМосква
_bПолитиздат
_c1988
044 _aRU
650 7 _2UDC
999 _c308739
_d308739